Zvýšenie ekonomickej efektívnosti rekreačného zariadenia Ceva Stará Lesná záverečná práca postgraduálneho štúdia
Guardado en:
| Autor principal: | |
|---|---|
| Autor Corporativo: | |
| Otros Autores: | |
| Formato: | Libro |
| Lenguaje: | eslovaco |
| Publicado: |
Bratislava
1991
|
| Materias: | |
| Etiquetas: |
Sin Etiquetas, Sea el primero en etiquetar este registro!
|
MARC
| LEADER | 00000nam a2200000 4500 | ||
|---|---|---|---|
| 001 | c002113 | ||
| 005 | 20221214095512.8 | ||
| 041 | 0 | |a slo | |
| 044 | |a SK | ||
| 245 | 1 | 0 | |a Zvýšenie ekonomickej efektívnosti rekreačného zariadenia Ceva Stará Lesná |b záverečná práca postgraduálneho štúdia |c Vincent Mrava ; Škol. Ľubica Lesáková |
| 264 | 1 | |a Bratislava |c 1991 | |
| 300 | |a 41 s. | ||
| 610 | 2 | 0 | |a efektívnosť ekonomická |
| 610 | 2 | 0 | |a zariadenia ubytovacie |
| 610 | 2 | 0 | |a podnik ruchu cestovného |
| 610 | 2 | 0 | |a rekreácia |
| 610 | 2 | 0 | |a organizácia podniku |
| 610 | 2 | 0 | |a obchod |
| 610 | 2 | 0 | |a služby |
| 610 | 2 | 0 | |a náklady |
| 610 | 2 | 0 | |a propagácia |
| 100 | 1 | |a Mrava, Vincent | |
| 700 | 1 | |a Lesáková, Ľubica | |
| 710 | 2 | |a Vysoká škola ekonomická v Bratislave | |